| 000 | 01015nam a22002417a 4500 | ||
|---|---|---|---|
| 999 |
_c11251 _d11251 |
||
| 003 | AR-CdUCM | ||
| 008 | 190403b ||||| |||| 00| 0 spa d | ||
| 040 |
_aMUNICIPALIDAD PROVINCIAL DEL CUSCO _cBIBLIOTECA MUNICIPAL DEL CUSCO |
||
| 082 |
_a301.151 / _bB16 |
||
| 100 |
_aBagehot, W. _928525 |
||
| 245 | _aLeyes científicas del desarrollo de las naciones en sus relaciones con los principios de la selección natural y de la herencia / | ||
| 260 |
_aMadrid : _bLa España moderna, |
||
| 300 |
_a219 páginas ; _c22 cm. |
||
| 440 |
_aBiblioteca de jurisprudencia, filosofía e historia ; _928511 |
||
| 500 | _aDedicatoria | ||
| 505 | _aContenido: El origen de las naciones -- La lucha y el progreso -- La formación de los pueblos -- La edad de la discusión -- El progreso en política. | ||
| 650 |
_aSelección natural (Sociología) _928526 |
||
| 650 |
_aSociedad primitiva _914290 |
||
| 650 |
_aProgreso _96687 |
||
| 700 |
_aTerán, Luis de (traducción) _928527 |
||
| 942 |
_2ddc _cLIBROS |
||
| 945 | _aacv | ||